| 000 | 00357cam a2200145ua 4500 | ||
|---|---|---|---|
| 041 |
_aeng _h |
||
| 082 |
_a828.09 _bWIL/EI |
||
| 100 | _aWilley, Basil . | ||
| 245 |
_aEighteenth century Background / _cBasil Willey. _hTextual Documents |
||
| 260 |
_a : _bChatto and winds , _c1965. |
||
| 300 | _a302 ; . | ||
| 504 | _a | ||
| 942 | _cBK | ||
| 999 |
_c3459 _d3459 |
||